000 00251nam a2200097Ia 4500
001 687439
005 20250826161556.0
008 250824s9999 xx 000 0 und d
245 0 _aSAHİBİNİ ARAYAN KEMAN
_cKORAY AVCI ÇAKMAN
260 _bTUDEM YAYINLARI
999 _c687439
_d687439